Tradičná chémia sa tlačí na tanier a do áut
Chemický priemysel na Slovensku. Medzinárodná a domáca farmaceutická chémia s predponou BIO. Produktivita práce v chemickom priemysle. Vývoj počtu zamestnancov a mzdy v chemickom priemysle.
Enregistré dans:
| Auteur principal: | |
|---|---|
| Format: | Chapitre de livre |
| Langue: | slovaque |
| Sujets: | |
| Tags: |
Pas de tags, Soyez le premier à ajouter un tag!
|
MARC
| LEADER | 00000naa a2200000 4500 | ||
|---|---|---|---|
| 001 | 0225123 | ||
| 005 | 20231011124236.3 | ||
| 041 | 0 | |a slo | |
| 044 | |a SK | ||
| 245 | 1 | 0 | |a Tradičná chémia sa tlačí na tanier a do áut |c Matúš Veselý |
| 520 | |a Chemický priemysel na Slovensku. Medzinárodná a domáca farmaceutická chémia s predponou BIO. Produktivita práce v chemickom priemysle. Vývoj počtu zamestnancov a mzdy v chemickom priemysle. | ||
| 610 | 2 | 0 | |a Slovensko |
| 610 | 2 | 0 | |a priemysel chemický |
| 610 | 2 | 0 | |a priemysel farmaceutický |
| 610 | 2 | 0 | |a oleje minerálne |
| 610 | 2 | 0 | |a látky plastické |
| 610 | 2 | 0 | |a plasty |
| 610 | 2 | 0 | |a biochémia |
| 610 | 2 | 0 | |a produktivita |
| 100 | 1 | |a Veselý, Matúš | |